LEADER 01106nam0 22002891i 450 001 UON00397623 005 20231205104641.941 010 $a95-15-70647-5 100 $a20110927d2006 |0itac50 ba 101 $aeng 102 $aFI 105 $a|||| 1|||| 200 1 $aSuomalais-ugrilaisten kansojen ja kielten alkuperäongelma$fPauli Saukkonen 205 $aHelsinki : Yliopistopaino$b2006 210 $a130 p.$a21 cm 215 $aContiene$cEnglish Summary 606 $aLINGUE UGRO-FINNICHE$3UONC071954$2FI 620 $aFI$dHelsinki$3UONL000062 676 $a494.5$cLingue ugrofinniche$v21 700 1$aSAUKKONEN$bPauli$3UONV109166$0706351 712 $aHelsinki University Press$3UONV246841$4650 801 $aIT$bSOL$c20240220$gRICA 899 $aSIBA - SISTEMA BIBLIOTECARIO DI ATENEO$2UONSI 912 $aUON00397623 950 $aSIBA - SISTEMA BIBLIOTECARIO DI ATENEO$dSI FIU A 0480 $eSI EO 47567 5 0480 996 $aSuomalais-ugrilaisten kansojen ja kielten alkuperäongelma$91347827 997 $aUNIOR